La impunidad en Guatemala: el caso Xamán /
Guardado en:
| Hovedforfatter: | |
|---|---|
| Andre forfattere: | , |
| Format: | Texto |
| Fag: | |
| Tags: |
Tilføj Tag
Ingen Tags, Vær først til at tagge denne postø!
|
MARC
| LEADER | 00000 a a2200000 04500 | ||
|---|---|---|---|
| 001 | 17503 | ||
| 003 | |||
| 040 | |||
| 100 | |a Menchú Tum, Rigoberta | ||
| 245 | |a La impunidad en Guatemala: |b el caso Xamán / |c Rigoberta Menchú Tum ; María Estela López Funes ; Eduardo Antonio Salerno | ||
| 650 | |a REFUGIADOS | ||
| 650 | |a DERECHOS HUMANOS | ||
| 650 | |a VIOLENCIA | ||
| 650 | |a GUATEMALA | ||
| 700 | |a López Funes, María Estela | ||
| 700 | |a Salerno, Eduardo Antonio | ||
| 773 | |g número 274; páginas 19-21 | ||
| 999 | |c 31565 |d 31565 | ||
